| 000 | 00477nam a2200145Ia 4500 | ||
|---|---|---|---|
| 008 | 220217s9999 xx 000 0 und d | ||
| 245 | 0 | _aMethods of testing vulcanized rubber. Part C 4. Determination of electric strength of insulating soft vulcanized rubber and ebonite. | |
| 260 | _c1957 | ||
| 500 | _aStandard number: BS 903 Part C 4 | ||
| 650 | _aEbonite | ||
| 650 | _aElectric strength | ||
| 650 | _aSoft vulcanized rubber | ||
| 650 | _aVulcanized rubber | ||
| 942 | _cST | ||
| 999 |
_c73209 _d73209 |
||